000 01071nam1a22002531i 4500
001 rc\2955658
005 20240723223857.0
035 _a(NLR Aleph) 007102936
090 _a6689066
_c6689066
100 _a20110831g19391940|||y0rusy50 ca
101 0 _arus
102 _aRU
105 _ay z |||||
200 1 _aТиповые детали зданий
_eВып. 1-
_f[Разработан трестом "Горстройпроект" Нар. ком. по строит-ву]
_gРед. совет Н.П. Былинкин, М.И. Иванов (пред.), В.Е. Кореньков [и др.]
_gНар. ком. по строит-ву СССР
210 _aМосква
_aЛенинград
_cГосстройиздат
_d1939-1940
_eМосква
215 _d31 см
702 1 _aИванов
_bМ.И.
_4340
702 1 _aКореньков
_bВ.Е.
_4340
702 1 _aБылинкин
_bН.П.
_4340
712 0 2 _a"Горстройпроект", трест
_cМосква
_4570
801 0 _aRU
_bNLR
_gpsbo
801 1 _aRU
_bELAR
_2rusmarc
852 _aNLR
_j39-20/48
942 _cBOOK